Public management in political institutions, explaining perceptions of White House chief of state influence (Record no. 106325)

000 -LEADER
fixed length control field 01508pab a2200181 454500
008 - FIXED-LENGTH DATA ELEMENTS--GENERAL INFORMATION
fixed length control field 180718b2014 xxu||||| |||| 00| 0 eng d
100 ## - MAIN ENTRY--PERSONAL NAME
Personal name Villalobos, Jose D.
245 ## - TITLE STATEMENT
Title Public management in political institutions, explaining perceptions of White House chief of state influence
260 ## - PUBLICATION, DISTRIBUTION, ETC.
Date of publication, distribution, etc. 2014
300 ## - PHYSICAL DESCRIPTION
Extent p.744-760.
520 ## - SUMMARY, ETC.
Summary, etc. The notion that public managers influence organizational performance is common in public administration research. However, less is known about why some managers are better at influencing organizational performance than others. Furthermore, relatively few studies have systematically examined managerial influence and scholars have yet to investigate either quantitatively or systematically managerial influence in the White House. Utilizing original survey data collected from former White House officials who served in the Reagan, George H.W. Bush, and Clinton administrations, this study applies empirical public management theory to examine for the first time the key determinants that shape perceptions of chief of staff managerial influence. The findings demonstrate how several core concepts in public management theory help explain the dynamics that drive perceptions of managerial influence, thereby providing a new contribution to the literature on public management. - Reproduced.
650 ## - SUBJECT ADDED ENTRY--TOPICAL TERM
Topical term or geographic name entry element Public administration
700 ## - ADDED ENTRY--PERSONAL NAME
Personal name Cohen, David B.
700 ## - ADDED ENTRY--PERSONAL NAME
Personal name Vaughan, Justin S.
773 ## - HOST ITEM ENTRY
Main entry heading Public Administration
908 ## - PUT COMMAND PARAMETER (RLIN)
Put command parameter N
909 ## -
-- 106330
Holdings
Withdrawn status Lost status Damaged status Not for loan Permanent Location Current Location Date acquired Serial Enumeration / chronology Barcode Date last seen Price effective from Koha item type
        Indian Institute of Public Administration Indian Institute of Public Administration 2018-07-19 Volume no: 92, Issue no: 3 AR106790 2018-07-19 2018-07-19 Articles

Powered by Koha